000 00445nam a2200157Ia 4500
005 20241106090521.0
008 240126s9999 xx 000 0 und d
020 _a9780198837442
082 _a330.019 DHA.3;1 R
100 _aDhami, Sanjit.
245 4 _aThe foundations of behavioral economic analysis Vol.3 : behavioral time discounting
260 _bOxford University
_aUK
_c2019
300 _axix, 179
440 _aNULL
942 _cPU
999 _c291636
_d291636